| 000 | 00650nam a2200241Ia 4500 | ||
|---|---|---|---|
| 003 | OSt | ||
| 005 | 20220923230522.0 | ||
| 006 | a|||||r|||| 00| 0 | ||
| 007 | ta | ||
| 008 | Pun | ||
| 024 | _a282,722 | ||
| 037 | _cTextual | ||
| 040 |
_aARTS _cARTS _bPun |
||
| 041 |
_2Pun _aPun |
||
| 082 | _aO153,3NGIx, M6 | ||
| 100 |
_aਗਿੱਲ, ਮੁ॥ਤਾਰ _9156291 |
||
| 245 | 0 | _aਮੇਰੀ ਜੋਣਵੀ੍ਵ ਕਹਾਣੀ | |
| 260 | _c1986 | ||
| 300 |
_a143ਪੰ _ccm. |
||
| 650 | _aਪੰਜਾਬੀ ਸਾਹਿਤ | ||
| 942 |
_hO153,3NGIx, M6 _cTEXL _2CC |
||
| 999 |
_c385416 _d385416 |
||